|
|
|
|
| LEADER |
00583cam a2200169 7i4500 |
| 001 |
0000025376 |
| 005 |
20110123090000.0 |
| 022 |
0 |
0 |
|a 2180-4362
|
| 090 |
0 |
0 |
|a SR 686.025
|b MAL
|
| 110 |
2 |
0 |
|a Malaysia External Trade Development Corporation (MATRADE)
|
| 245 |
2 |
0 |
|a Malaysia exporters of print media services directory 2010-2012.
|
| 260 |
0 |
0 |
|a Kuala Lumpur:
|b MATRADE,
|c 2010.
|
| 300 |
# |
# |
|c 58 p.
|
| 650 |
0 |
0 |
|a Printing --
|x Directories --
|z Malaysia
|
| 650 |
0 |
0 |
|a Publishing --
|x Directories --
|z Malaysia
|
| 651 |
0 |
0 |
|a Malaysia
|
| 999 |
|
|
|a 0000028043
|b Directories
|c Products
|e Business Information Centre
|